000 00435nam a2200157 4500
001 135955
003 ES-MaACL
005 20230906195010.0
007 t|
008 070214s1932 fr r ||||1| fre d
100 1 _aRouvière, H.
_9100096
245 1 0 _aAnatomie des lymphatiques de l'homme /
_cH. Rouvière.
260 _aParis :
_bMasson et Cie.,
_c1932.
300 _aVIII, 489 p. :
_bil. ;
_c28 cm.
852 _aES-MaACL
_jB-12037
999 _c135955
_d135955